01247nam a2200205 a 4500090002100000041000800021100004200029245008200071260005300153300000900206520054000215650002600755650002500781650002000806650003200826650001700858662003900875773011200914999001501026 aIAVHb00765 CD-1 aspa aForero Morantes, Diana María992507 aPriorización de Areas para la Conservación en el Altiplano cundiboyacense aBogotábInstituto Alexander von Humboldtc2005 a3 p. aSe presenta un informe de supervision/interventoría al contrato que tenía por objeto la revisión y recopilación de información de literatura sobre especies de aves y plantas (Asteraceae, Melastomataceae y Rubiaceae) del Altiplano cundiboyacense, con sus respectivas localidades; la revisión de información sobre áreas de manejo especial en el área de estudio y apoyar la georeferenciación de la información y la elaboración de informes. Como resultado de se encontraron 15 nuevas reservas de la sociedad civil. aConservación992401 aBiodiversidad992204 aAvifauna992441 aEspecies botánicas992508 aFlora992293 aColombiacAltiplano cundiboyacense0 0598699704abdBogotá Informatica documental 2007o024802tInformes de investigaciones IAVH en PDFwxz c6022d6022